MAASAI MARA UNIVERSITY

LIBRARY CATALOGUE

Contact Us: +254 020 2685356/7 or 0774 057787

Box: 861-20500, NAROK, KENYA

Email: info@mmarau.ac.ke

_The 10 Best Decisions Every Parent Can Make / Bill Farrel (Record no. 6801)

MARC details
000 -LEADER
fixed length control field 00417nam a2200145Ia 4500
008 - FIXED-LENGTH DATA ELEMENTS--GENERAL INFORMATION
fixed length control field 151021s9999 xx 000 0 und d
020 ## - INTERNATIONAL STANDARD BOOK NUMBER
International Standard Book Number 9.7807369171e+012
050 ## - LIBRARY OF CONGRESS CALL NUMBER
Classification number BV 4529 .F38 2006
245 ## - TITLE STATEMENT
Title _The 10 Best Decisions Every Parent Can Make / Bill Farrel
260 ## - PUBLICATION, DISTRIBUTION, ETC. (IMPRINT)
Place of publication, distribution, etc. U S A Harvest House 2006
300 ## - PHYSICAL DESCRIPTION
Extent 221 p.
650 ## - SUBJECT ADDED ENTRY--TOPICAL TERM
Topical term or geographic name as entry element _Parenting
700 ## - ADDED ENTRY--PERSONAL NAME
Personal name _Pam Farrel
980 ## - EQUIVALENCE OR CROSS-REFERENCE-SERIES STATEMENT--PERSONAL NAME/TITLE [LOCAL, CANADA]
Personal name ^d20110308 04:55:18^okorir

No items available.

© 2016 Maasai Mara University.